000 05283cam a22018614i 4500
003 PE-LiUPU
005 20250813165629.0
008 150625s2003 mx a rb 000 0 spa d
020 _a9684268998
020 _a9789684268999
035 _a(Sirsi) i9789684268999
040 _aPE-LiUPU
_bspa
_cPE-LiUPU
_dPE-LiUPU
_erda
049 _aPRUA
082 0 4 _a616.8
_bG72
_221
100 1 _aGonzáles Núñez, José de Jesús,
_eautor.
245 1 0 _aPsicopatología de la adolescencia /
_cJosé de Jesús, Gonzáles Núñez.
264 1 _aMéxico :
_bManual Moderno,
_c2003.
300 _a277 páginas :
_bilustraciones ;
_c23 centímetros
336 _atext
_2rdacontent
337 _aunmediated
_2rdamedia
338 _avolume
_2rdacarrier
504 _aIncluye referencias bibliográficas.
505 0 _aAdolescencia -- Neurosis en la adolescencia -- Psicosis en la adolescencia -- Psicopatía en la adolescencia -- Dependencias: alcohol y drogas en la adolescenci -- Transtornos narcisista de la personalidad en la adolescencia -- Transtorno fronterizo, borderline o límite de la personalidad en la adolescencia -- Desviaciones y transtornos sexuales en la adolescencia -- Enfermedades psicosomáticas en la adolescencia -- Embarazo en la adolescencia -- HIV/SIDA en la adolescencia -- Enfermedad terminal en la adolescencia -- Suicidio en la adolescencia -- Psicoterapia en la adolescencia -- Consideraciones sobre el manejo técnico en diferentes transtornos de la adolescencia.
526 _aP203
526 _aP200
526 _aSEG65
526 _aSEG64
526 _aSEG63
526 _aSEG62
526 _aSEG61
526 _aSEG60
526 _aSEG59
526 _aSEG58
526 _aSEG57
526 _aSEG56
526 _aSEG55
526 _aSEG54
526 _aSEG53
526 _aSEG52
526 _aSEG51
526 _aSEG50
526 _aSEG49
526 _aSEG48
526 _aSEG47
526 _aSEG46
526 _aSEG24
526 _aSEG23
526 _aSEG22
526 _aSEG21
526 _aSEG20
526 _aSEG19
526 _aSEG18
526 _aSEG17
526 _aSEG16
526 _aSEG14
526 _aSEG13
526 _aSEG12
526 _aSEG11
526 _aSEG10
526 _aSEG09
526 _aSEG06
526 _aSEG05
526 _aSEG04
526 _aSEG03
526 _aSEG02
526 _aSEG68
526 _aSEG66
526 _aSEG45
526 _aSEG25
526 _aSEG01
526 _aP163
526 _aP162
526 _aP161
526 _aP160
526 _aP159
526 _aP158
526 _aP157
526 _aP156
526 _aP155
526 _aP154
526 _aP153
526 _aP152
526 _aP151
526 _aP150
526 _aP149
526 _aP142
526 _aP141
526 _aP140
526 _aP139
526 _aP138
526 _aP137
526 _aP132
526 _aP131
526 _aP130
526 _aP126
526 _aP125
526 _aP124
526 _aP123
526 _aP115
526 _aP122
526 _aP121
526 _aP116
526 _a P114
526 _aP112
526 _aP111
526 _aP104
526 _aP103
526 _aP102
526 _aP101
526 _aP100
526 _aP96
526 _aP95
526 _aP93
526 _aP92
526 _aP91
526 _aP88
526 _aP83
526 _aP82
526 _aP79
526 _aP78
526 _aP75
526 _aP74
526 _aP71
526 _aP69
526 _a P51
526 _aP49
526 _aP48
526 _aP47
526 _aP33
526 _aP31
526 _a P30
526 _aP29
526 _aP27
526 _aP26
526 _aP25
526 _aP24
526 _a P22
526 _aP10
526 _aP09
526 _a P08
526 _aP06
526 _aP05
526 _aP04
526 _aP01
541 _g001-000946;
650 0 4 _aJóvenes
_xUso de drogas.
650 0 4 _aPsicopatología del adolescente.
_9521
650 0 4 _aTranstornos mentales.
942 _2ddc
_cBOOK
949 _a616.8 G72
_wDEWEY
_c1
_i55315
_d2016-11-29
_e2016-11-29
_lCCODEBUL1
_mBUL
_n2
_r0
_sY
_tBOOK
_u2015-6-25
_xTEOLOGIA
_zUNKNOWN
_0COMPRA
_o.STAFF. Colección Ciencias de la Salud
949 _a616.89022 G68 2007
_wDEWEY
_c1
_i1007692
_lCCODEBUJ1
_mBUJ
_p45.00
_r0
_sY
_tBOOK
_u2015-9-17
_xSALUD
_PP33
_0COMPRA
_o.STAFF. Colección General
949 _a616.89022 G68 2001
_wDEWEY
_c1
_iFJ06973
_lCCODEBUJ1
_mBUJ
_p25.00
_r0
_sY
_tBOOK
_u2017-10-24
_xSALUD
_PP22
_0COMPRA
_o.STAFF -- Colección General Juliaca
994 _aC0
_bPEPRU
596 _a1 3
999 _a616.8 G72
_wDEWEY
_c44225
_i55315
_d44225
_e2022-5-15
_f2021-11-4
_g5
_lCCODEBUL1
_mBUL
_n7
_p25.00
_q1
_r0
_sY
_tBOOK
_u2015-6-25
_xSALUD
_zP35
_0COMPRA
_o.STAFF. Colección Ciencias de la Salud
999 _a616.89022 G68 2001
_wDEWEY
_c1
_iFJ06973
_d2019-11-13
_e2019-4-8
_f2022-1-25
_g4
_lCCODEBUJ1
_mBUJ
_n9
_p25.00
_q20
_r0
_sY
_tBOOK
_u2015-9-17
_xSALUD
_PP33
_0COMPRA
_o.STAFF. Colección General Juliaca
980 _81
_gALBERTO SANCHEZ Responsable de Automatización